000 01276nam a22002537a 4500
003 UA-OsUOA
001 118539
007 ta
008 20160909b un ||||| |||| 00| 0 ukr d
100 _aБодров Ю. І.
090 _a94(477).04
_bБ75
942 _cBK
040 _aUA-OsUOA
_bukr
_cUA-OsUOA
_dUA-OsUOA
245 _aІсторія Уманського козацького полку
_bмонографія
300 _a276 с.
955 _a1
041 _aukr
080 _a94(477).04
520 3 _aЗмістПередмоваВступРозділ 1. Історіографія і джерела дослідженняРозділ 2. Формування уманського козацького полкуРозділ 3. Уманський полк у період національно-визвольної війни українського народу середини XVII століття.Розділ 4.
520 3 _aУманщина в умовах руїниРозділ 5. Уманське козацтво в 1674-1713 рокахВисновкиДжерела та літератураДодатки
260 _aК.
_bВПЦ КУ
_c2001
650 7 _a9 Географія. Біографії. Історія
_2UDC
999 _c404619
_d404619